000 00245nam a22001097a 4500
041 _aeng
080 _a80
100 _aАракин, В. Д.
245 _aНорвежско-русский словарь.
650 _aReference
999 _c280695
_d280695
942 _cBK